000
00299nam a22001337a 4500
008
170428b xxu||||| |||| 00| 0 eng d
020
_a
9781452202600
041
_a
eng
080
_2
3 ED
_a
343.9
100
_a
13
101
_a
SHJ
245
_a
RACE AND CRIME
_c
GABBIDON,SH.L
942
_2
udc
_c
BK
999
_c
12313
_d
12313